00580nam a2200181Ia 4500003000900000008004100009020001800050040001600068080001500084100001800099245013700117260003800254300001500292650002700307650002800334700001900362700001700381IN-BaIIA211028s9999 xx 000 0 eng d a0-07-451852-6 cIIA Library a621.1bRAN aRangan, C. S. 0aInstrumentationbdevices and systemscC. S. Rangan, G. R. Sarma and V. S. V. Mani  aNew DelhibTata McGraw-Hillc1983 axii, 529p. aElectronic measurement aInstrumentation devices aMani, V. S. V. aSarma, G. R.